Effect of different organic fertilizers on green mustard at station of royal university of agriculture, ឥទ្ធិពលនៃប្រភេទជីធម្មជាតិផ្សេងៗគ្នាទៅលើដំណាំស្ពៃខៀវក្នុងស្ថានីយ៍ពិសោធន៍ដំណាំនៃសាកលវិទ្យាល័យភូមិន្ទកសិកម្ម (Record no. 7740)

000 -LEADER
fixed length control field 00709nam a22001337a 4500
003 - CONTROL NUMBER IDENTIFIER
control field OSt
005 - DATE AND TIME OF LATEST TRANSACTION
control field 20160323094459.0
008 - FIXED-LENGTH DATA ELEMENTS--GENERAL INFORMATION
fixed length control field 160323b xxu||||| |||| 00| 0 eng d
040 ## - CATALOGING SOURCE
Transcribing agency RUA
082 ## - DEWEY DECIMAL CLASSIFICATION NUMBER
Classification number AGR SEN 2009 B470 Or.1
245 ## - TITLE STATEMENT
Title Effect of different organic fertilizers on green mustard at station of royal university of agriculture, ឥទ្ធិពលនៃប្រភេទជីធម្មជាតិផ្សេងៗគ្នាទៅលើដំណាំស្ពៃខៀវក្នុងស្ថានីយ៍ពិសោធន៍ដំណាំនៃសាកលវិទ្យាល័យភូមិន្ទកសិកម្ម
300 ## - PHYSICAL DESCRIPTION
Extent xii,52p.
Other physical details ill.
Dimensions 29cm.
942 ## - ADDED ENTRY ELEMENTS (KOHA)
Source of classification or shelving scheme
Koha item type AGR
Holdings
Price effective from Date last seen Permanent Location Not for loan Date acquired Source of classification or shelving scheme Koha item type Barcode Lost status Damaged status Shelving location Withdrawn status Current Location Full call number
2016-03-232016-03-23Library Block B 2016-03-23 AGRRUA052280  B470 Library Block BAGR SEN 2009 B470 Or.1
មជ្ឈមណ្ឌលឯការនៃសាកលវិទ្យាល័យភូមិន្ទកសិកម្មចំការដូង

Powered by Koha